Stratégie privátnych maloobchodných značiek diplomová práca

Na minha lista:
Detalhes bibliográficos
Autor principal: Gizelová, Veronika
Autor Corporativo: Obchodná fakulta EU. Katedra marketingu
Outros Autores: Čvirik, Marián, 1992-
Formato: Livro
Idioma:eslovaco
Publicado em: Bratislava 2024
Tags: Adicionar Tag
Sem tags, seja o primeiro a adicionar uma tag!

MARC

LEADER 00000nbm a2200000 4500
001 0302168
005 20250627115618.4
041 0 |a slo 
044 |a SK 
245 1 0 |a Stratégie privátnych maloobchodných značiek  |b diplomová práca  |c Veronika Gizelová ; školiteľ: Marián Čvirik 
264 1 |a Bratislava  |c 2024 
300 |a 88 s. 
100 1 |a Gizelová, Veronika 
700 1 |a Čvirik, Marián, 1992- 
710 2 |a Obchodná fakulta EU. Katedra marketingu